000 00239nam a2200097Ia 4500
001 726158
005 20250826163423.0
008 250824s9999 xx 000 0 und d
245 0 _aBARIŞ ODALARI
_cASLI DER
260 _bGÜNIŞIĞI KİTAPLIĞI
999 _c726158
_d726158